| 000 | 01569nam0a22002891 4500 | ||
|---|---|---|---|
| 001 | RU\NLR\INFOCOMM_161\5000061748 | ||
| 005 | 20250613092734.0 | ||
| 035 | _a(NLR Aleph) 009174039 | ||
| 090 |
_a8530754 _c8530754 |
||
| 100 | _a20100304d1975 |||y0rusy50 ca | ||
| 101 | 0 | _afre | |
| 102 | _aRU | ||
| 105 | _ay ||||000|y | ||
| 200 | 1 |
_aActivités des organisations internationales dans le domaine de l'information scientifique, technique et industrielle _eCours pour les spécialistes des pays en voie de développement sont organisés par ONUDI et UNESCO en collab. avec le Gouv. de l'URSS _eLes cours sont réalisés par l'Inst. de l'inform. sci. et techn. de l'URSS, 3 avr. - 12 juin 1975 _fA. G. Tchakhmakhtchev _gUNIDO-UNESCO. Cours interrégionaux de la formation des spécialistes en inform. industrielle et documentation |
|
| 210 |
_aΜ. _d1975 |
||
| 215 |
_a56 с. _d25 см |
||
| 300 | _aВ вып. дан.: А. Г. Чахмачев. Международные организации в области научно-технической и промышленной информации и их деятельность | ||
| 320 | _aБиблиогр.: с. 54-55 | ||
| 606 |
_aИнформационные системы и организации, международные _2nlr_sh1 |
||
| 686 |
_aЧ234(0)7 _2rubbk |
||
| 700 | 1 |
_9z04790 _aČachmachčev _bA. G. _gAleksandr Gajkovič _4070 |
|
| 790 | 1 |
_9z04700 _aTchakhmakhtchev _bA. G. _4070 |
|
| 801 | 1 |
_aRU _bNLR _c20100304 |
|
| 801 | 0 |
_aRU _bNLR _gPSBO |
|
| 852 |
_aNLR _jПр91 Д-8/82 |
||
| 942 | _cBOOK | ||
| 980 | _aNB | ||